Revue du théatre. (Record no. 2150)
[ view plain ]
| 000 -LEADER | |
|---|---|
| campo de control de longitud fija | 00748nas a2200229 i 4500 |
| 001 - NÚMERO DE CONTROL | |
| campo de control | 2150 |
| 003 - IDENTIFICADOR DE NÚMERO DE CONTROL | |
| campo de control | ES-MaACL |
| 005 - FECHA Y HORA DE LA ÚLTIMA TRANSACCIÓN | |
| campo de control | 20250824012557.0 |
| 007 - CAMPO FIJO DE DESCRIPCIÓN FÍSICA--INFORMACIÓN GENERAL | |
| campo de control de longitud fija | t| |
| 008 - DATOS DE LONGITUD FIJA--INFORMACIÓN GENERAL | |
| campo de control de longitud fija | 950801d1838 fr | | 1 ||re d |
| 080 ## - NÚMERO DE LA CLASIFICACIÓN DECIMAL UNIVERSAL | |
| Número de la Clasificación Decimal Universal | 44 |
| 245 00 - MENCIÓN DEL TÍTULO | |
| Título | Revue du théatre. |
| Número de parte o sección de la obra | VIII. |
| 260 ## - PUBLICACIÓN, DISTRIBUCIÓN, ETC. | |
| Lugar de publicación, distribución, etc. | Paris : |
| Nombre del editor, distribuidor, etc. | Bureau du journal, |
| Fecha de publicación, distribución, etc. | [1838] ( |
| Fabricante | Imp. de A. Belin) |
| 300 ## - DESCRIPCIÓN FÍSICA | |
| Extensión | P. 177-320 ; |
| Dimensiones | 25 cm. |
| 362 0# - FECHAS DE PUBLICACIÓN Y/O DESIGNACIÓN SECUENCIAL | |
| Fecha de publicación y/o designación secuencial | [1re année (juillet 1834)]-5e année (février 1838) |
| 530 ## - NOTA DISPONIBLE DE FORMULARIO FÍSICO ADICIONAL | |
| Nota de formato físico adicional disponible | Disponible en formato digital. |
| 650 #7 - PUNTO DE ACCESO ADICIONAL DE MATERIA--TÉRMINO DE MATERIA | |
| Término de materia o nombre geográfico como elemento de entrada | Teatro |
| Fuente del encabezamiento o término | embne |
| 9 (RLIN) | 17290 |
| 650 #4 - PUNTO DE ACCESO ADICIONAL DE MATERIA--TÉRMINO DE MATERIA | |
| Término de materia o nombre geográfico como elemento de entrada | Teatro- |
| Subdivisión geográfica | Francia- |
| Subdivisión cronológica | S.XIX. |
| 9 (RLIN) | 174697 |
| 852 4# - LOCALIZACIÓN | |
| Encuadernación | |
| -- | |
| Ubicación | BA |
| Número de control de estantería | R-2502 Olim: G-1760 |
| 856 4# - LOCALIZACIÓN Y ACCESO ELECTRÓNICOS | |
| Identificador Uniforme de Recursos | <a href="https://gallica.bnf.fr/ark:/12148/cb328593618/date ">https://gallica.bnf.fr/ark:/12148/cb328593618/date </a> |
| Nota pública | BNF-Gallica |
| Estatus retirado | Estado de pérdida | Estado de daño | No para préstamo | Colección | Biblioteca de origen | Biblioteca actual | Ubicación en estantería | Fecha de adquisición | Fuente de adquisición | Total de préstamos | Signatura topográfica completa | Código de barras | Visto por última vez | Precio de reemplazo | Tipo de ítem Koha |
|---|---|---|---|---|---|---|---|---|---|---|---|---|---|---|---|
| Colección digital | Biblioteca del Ateneo de Madrid | Biblioteca del Ateneo de Madrid | Depósito | 17/01/2008 | R-2502 | 1002189 | 23/02/2023 | 23/02/2023 | Revista |
